Point blank / (Record no. 3378)

MARC details
000 -LEADER
fixed length control field 01427cam a22004213a 4500
001 - CONTROL NUMBER
control field 3378
003 - CONTROL NUMBER IDENTIFIER
control field FISKH
005 - DATE AND TIME OF LATEST TRANSACTION
control field 20240229150906.0
008 - FIXED-LENGTH DATA ELEMENTS--GENERAL INFORMATION
fixed length control field 030520t20032001nyu c 000 1 eng d
010 ## - LIBRARY OF CONGRESS CONTROL NUMBER
LC control number 2004719313
Canceled/invalid LC control number 2001033926
020 ## - INTERNATIONAL STANDARD BOOK NUMBER
International Standard Book Number 014250050X (pbk.)
035 ## - SYSTEM CONTROL NUMBER
System control number (OCoLC)ocm52282289
040 ## - CATALOGING SOURCE
Original cataloging agency MR0
Transcribing agency MR0
Modifying agency OCLCQ
-- DLC
042 ## - AUTHENTICATION CODE
Authentication code lccopycat
050 00 - LIBRARY OF CONGRESS CALL NUMBER
Classification number CPB Box no. 2264 vol. 11
100 1# - MAIN ENTRY--PERSONAL NAME
Personal name Horowitz, Anthony
Dates associated with a name 1955-
245 10 - TITLE STATEMENT
Title Point blank /
Statement of responsibility, etc. Anthony Horowitz.
250 ## - EDITION STATEMENT
Edition statement First Scholastic printing, September 2002
260 ## - PUBLICATION, DISTRIBUTION, ETC.
Place of publication, distribution, etc. New York :
Name of publisher, distributor, etc. Scholastic,
Date of publication, distribution, etc. 2002.
300 ## - PHYSICAL DESCRIPTION
Extent 215 pages :
Dimensions 17 cm.
500 ## - GENERAL NOTE
General note "An Alex Rider adventure"--Cover.
500 ## - GENERAL NOTE
General note Sequel to: Stormbreaker.
500 ## - GENERAL NOTE
General note Includes a chapter from: Skeleton Key.
505 ## - FORMATTED CONTENTS NOTE
Formatted contents note M
520 ## - SUMMARY, ETC.
Summary, etc. Fourteen-year-old Alex continues his work as a spy for the British M16, investigating an exclusive school for boys in the French Alps.
521 8# - TARGET AUDIENCE NOTE
Target audience note 670 <br/><br/>
Source Lexile
521 8# - TARGET AUDIENCE NOTE
Target audience note M
650 #0 - SUBJECT ADDED ENTRY--TOPICAL TERM
Topical term or geographic name entry element Spy stories.
650 #0 - SUBJECT ADDED ENTRY--TOPICAL TERM
Topical term or geographic name entry element Cloning
Form subdivision Juvenile fiction.
650 #0 - SUBJECT ADDED ENTRY--TOPICAL TERM
Topical term or geographic name entry element Schools
Form subdivision Juvenile fiction.
650 #0 - SUBJECT ADDED ENTRY--TOPICAL TERM
Topical term or geographic name entry element Orphans
Form subdivision Juvenile fiction.
651 #0 - SUBJECT ADDED ENTRY--GEOGRAPHIC NAME
Geographic name England
Form subdivision Juvenile fiction.
655 #7 - INDEX TERM--GENRE/FORM
Genre/form data or focus term Spy stories.
Source of term gsafd
710 2# - ADDED ENTRY--CORPORATE NAME
Corporate name or jurisdiction name as entry element Copyright Paperback Collection (Library of Congress)
Institution to which field applies DLC
906 ## - LOCAL DATA ELEMENT F, LDF (RLIN)
a 7
b cbc
c copycat
d 2
e ncip
f 20
g y-genrareb
942 ## - ADDED ENTRY ELEMENTS (KOHA)
Source of classification or shelving scheme Dewey Decimal Classification
Koha item type Books
Suppress in OPAC No
Holdings
Withdrawn status Lost status Source of classification or shelving scheme Damaged status Not for loan Collection Home library Current library Shelving location Date acquired Total Checkouts Full call number Barcode Date last seen Price effective from Koha item type
    Dewey Decimal Classification     Juvenile Fiction Footprints International School Library Network Toul Kork Campus Footprints International School Library Network Toul Kork Campus   02/29/2024   HOR 823.914 PZ7.H7875 2024-0152 02/29/2024 02/29/2024 Books